La interpretacin̤ de la Constitucin̤ segn︢ el Tribunal Constitucional Marcial Rubio Correa

Detalles Bibliográficos
Autor principal: Rubio Correa, Marcial
Formato: eBook
Lenguaje:español
Publicado: Lima: Pontificia Universidad Catolica del Peru, 2010
Materias:
Acceso en línea:Acceso restringido

MARC

LEADER 00000nam a22000007a 4500
005 20120807124544.0
007 cr|||| ||||
008 120807s2010 pe |||||s|||| 00||0 spa d
020 |a 978-9972-42-870-8 
035 |a 6573 
040 |a vLex 
090 |c 3339  |d 3339 
100 1 |a Rubio Correa, Marcial 
245 1 3 |a La interpretacin̤ de la Constitucin̤ segn︢ el Tribunal Constitucional  |h [Recurso electrn̤ico] /  |b Marcial Rubio Correa  
256 |a Servicio en ln̕ea 
260 |a Lima:  |b Pontificia Universidad Catolica del Peru,  |c 2010 
300 |a 1 recurso electrn̤ico 
506 1 |a Contenido solo disponible en los productos indicados  |d vLex Global   |d vLex Global (Academic Edition, excluding Law Schools)   |d vLex Global (U.S. Academic Edition, Law Schools)   |d vLex Global (U.S. Academic Edition, excluding Law Schools)   |d vLex Global (Academic Edition, Law Schools)  
650 0 4 |a Derecho constitucional  |z Per︢ 
740 0 |a vLex Libros (Servicio en ln̕ea) 
856 4 0 |u http://vlex.com/source/interpretacion-constitucion-segun-tribunal-constitucional-6573  |z Acceso restringido 
942 |c BOOK 
999 0 |a Constitutional law